Statistics for Who Did That Country Song

Click here to take the quiz!

General Stats

  • This quiz has been taken 15,352 times
    (15,341 since last reset)
  • The average score is 11 of 23

Answer Stats

SongYearArtist or Group% Correct
Ring of Fire1963Johnny Cash
82%
Love Story2008Taylor Swift
78%
Before He Cheats2006Carrie Underwood
73%
Friends in Low Places1990Garth Brooks
68%
Live Like You Were Dying2004Tim McGraw
63%
Need You Now2010Lady Antebellum
62%
I Will Always Love You1974Dolly Parton
58%
On the Road Again1980Willie Nelson
58%
Chattahoochee1992Alan Jackson
55%
If I Die Young2010The Band Perry
55%
Dirt Road Anthem2011Jason Aldean
54%
Wide Open Spaces1998The Dixie Chicks
51%
The Devil Went Down
to Georgia
1979Charlie Daniels
Band
48%
You and Tequila2011Kenny Chesney
44%
Coal Miner's Daughter1969Loretta Lynn
44%
I'm So Lonesome I Could Cry1949Hank Williams
38%
You Gonna Fly2011Keith Urban
30%
Consider Me Gone2009Reba McEntire
30%
Stand By Your Man1968Tammy Wynette
30%
Theme from Dukes of Hazzard
(Good Ol' Boys)
1980Waylon Jennings
30%
Mama Tried1968Merle Haggard
29%
Take Me There2007Rascal Flatts
24%
King of the Road1964Roger Miller
17%

Score Distribution

Percentile by Number Answered

Percent of People with Each Score

Your Score History

You have not taken this quiz since the last reset